000 00677nam a2200229Ia 4500
003 OSt
005 20221005040038.0
006 a|||||r|||| 00| 0
007 ta
008 221004b |||||||| |||| 00| 0 hin d
024 _a71795
037 _cTextual
040 _aCRL
_cCRL
_bhin
041 _2hin
_ahin
082 _an2,N53, 152P3
245 0 _aBharat 2003
_b Varshik sandharbh granth Com and Ed by Research, Reference and Training Division
260 _aDelhi
_bMinistry of Information and Broadcasting Government of India
_c2003
300 _a1038p.
_ccm.
650 _aGENERALIA
942 _hn2,N53, 152P3
_cTEXL
_2cc
999 _c946280
_d946280